Kiinalaiset horoskooppimerkit symboleina - Statistics

Yleistilastot
  • Tätä visaa on pelattu 22 kertaa
  • Keskiarvotulos 12 / 12
Vastaustilastot
Kuvavisa Vastaus % Oikein
Apina
100%
Hevonen
100%
Jänis
100%
Käärme
100%
Koira
100%
Kukko
100%
Lohikäärme
100%
Rotta
100%
Tiikeri
100%
Härkä
94%
Sika
94%
Vuohi
88%
Ehtoja vastaavia visoja ei löytynyt
Tulosjakauma
Jokaisen tuloksen saaneiden osuus
Persentiili vastausten määrän mukaan
Tuloshistoriasi
Et ole pelannut tätä visaa